Statistics for Words that are Names of UK Towns

Click here to take the quiz!

General Stats

  • This quiz has been taken 11,131 times
  • The average score is 11 of 20

Answer Stats

HintAnswerCounty% Correct
Body part required for sightEyeSuffolk
94%
Sport played with an egg-shaped ballRugbyWarwickshire
79%
Bigger than a pebble, smaller than a rockStoneStaffordshire
76%
A violent encounter between two armiesBattleEast Sussex
74%
Rhythmic way of walking used by armies and bandsMarchCambridgeshire
74%
Making a noise like a dogBarkingGreater London
70%
Piece of meat between two slices of breadSandwichKent
70%
Grain used to make bread and whiskyRyeEast Sussex
63%
An annual horse raceDerby_____shire
59%
A group of ships or vehiclesFleetHampshire
59%
Holes dug in the ground to extract waterWellsSomerset
59%
Looking at and interpreting wordsReadingBerkshire
50%
Vegetable of the onion family which the Welsh traditionally
wore on their clothing
LeekStaffordshire
47%
Leafy green vegetable sometimes
prefaced by "Swiss"
ChardSomerset
45%
To inter undergroundBuryGreater Manchester
38%
A bend or curving part. Alternately, a criminal or
dishonest person.
CrookDurham
35%
To walk at a slow, leisurely paceAmbleNorthumberland
33%
To shed an outer layer of skinSloughBerkshire
12%
An otter's denHoltNorfolk
11%
Body part also known as a hymenMaidenheadBerkshire
10%

Score Distribution

Percentile by Number Answered

Percent of People with Each Score

Your Score History

You have not taken this quiz